000 00858nam a2200265Ia 4500
003 OSt
005 20221005092832.0
006 a|||||r|||| 00| 0
007 ta
008 221004b |||||||| |||| 00| 0 eng d
020 _a9780312592493 (hbk)
_cUSD 25.99
024 _a228
037 _b8313, 23/01/2018, Efficient Book Distributors
_cTextual
040 _aCRL
_cCRL
_beng
041 _2eng
_aeng
082 _aY:45(Q7).73, Q0
100 _aNance Malcolm Au.
_9617821
245 0 _aAn end of Al Qaeda
_b destroying bin Laden's jihad and restoring America's honour
260 _aNew York
_bSt. Martin Press USA
_c2010
300 _aviii,296p.
_ccm.
650 _a TERRORISM
650 _aISLAM
942 _hY:45(Q7).73, Q0
_cTEXL
_2cc
999 _c999433
_d999433